<?xml version="1.0" encoding="UTF-8"?><marc:collection xmlns:marc="http://www.loc.gov/MARC21/slim">
  <marc:record>
    <marc:leader>00000nam##2200000za#4500</marc:leader>
    <marc:controlfield tag="001">9.566513</marc:controlfield>
    <marc:controlfield tag="003">CaOODSP</marc:controlfield>
    <marc:controlfield tag="005">20210624180326</marc:controlfield>
    <marc:controlfield tag="007">cr |||||||||||</marc:controlfield>
    <marc:controlfield tag="008">150406|1999||||xxc|||||o    f|0| 0 eng|d</marc:controlfield>
    <marc:datafield tag="040" ind1=" " ind2=" ">
      <marc:subfield code="a">CaOODSP</marc:subfield>
      <marc:subfield code="b">eng</marc:subfield>
    </marc:datafield>
    <marc:datafield tag="043" ind1=" " ind2=" ">
      <marc:subfield code="a">n-cn---</marc:subfield>
    </marc:datafield>
    <marc:datafield tag="086" ind1="1" ind2=" ">
      <marc:subfield code="a">TU3-5/99-17E-PDF</marc:subfield>
    </marc:datafield>
    <marc:datafield tag="110" ind1="2" ind2=" ">
      <marc:subfield code="a">Transportation Safety Board of Canada.</marc:subfield>
    </marc:datafield>
    <marc:datafield tag="245" ind1="1" ind2="0">
      <marc:subfield code="a">Collision with Terrain - Mitsubishi MU-2B-40 Solitaire N701K, Parry Sound / Georgian Bay Airport, Ontario 1nm W, 24 May 1999 </marc:subfield>
      <marc:subfield code="h">[electronic resource]</marc:subfield>
    </marc:datafield>
    <marc:datafield tag="260" ind1=" " ind2=" ">
      <marc:subfield code="a">Gatineau - Quebec : </marc:subfield>
      <marc:subfield code="b">Transportation Safety Board of Canada </marc:subfield>
      <marc:subfield code="c">[2000].</marc:subfield>
    </marc:datafield>
    <marc:datafield tag="300" ind1=" " ind2=" ">
      <marc:subfield code="a">9p.</marc:subfield>
    </marc:datafield>
    <marc:datafield tag="490" ind1="1" ind2=" ">
      <marc:subfield code="a">Aviation investigation report </marc:subfield>
      <marc:subfield code="v">A99O0126</marc:subfield>
    </marc:datafield>
    <marc:datafield tag="590" ind1=" " ind2=" ">
      <marc:subfield code="a">10-10-Supp</marc:subfield>
      <marc:subfield code="b">2010-11-09</marc:subfield>
    </marc:datafield>
    <marc:datafield tag="775" ind1="0" ind2="8">
      <marc:subfield code="t">Collision avec le terrain - Mitsubishi MU-2B-40 Solitaire N701K 1 nm à l'ouest de l'aéroport de Parry Sound Baie Georgienne (Ontario) le 24 mai 1999 </marc:subfield>
      <marc:subfield code="w">(CaOODSP)9.597984</marc:subfield>
    </marc:datafield>
    <marc:datafield tag="830" ind1="#" ind2="0">
      <marc:subfield code="a">Aviation investigation report ;</marc:subfield>
      <marc:subfield code="v">A99O0126</marc:subfield>
      <marc:subfield code="w">(CaOODSP)9.504825</marc:subfield>
    </marc:datafield>
    <marc:datafield tag="856" ind1="4" ind2="0">
      <marc:subfield code="a">http://publications.gc.ca</marc:subfield>
      <marc:subfield code="q">PDF</marc:subfield>
      <marc:subfield code="s">42 KB</marc:subfield>
      <marc:subfield code="u">https://publications.gc.ca/collections/collection_2009/bst-tsb/TU3-5-99-17E.pdf</marc:subfield>
      <marc:subfield code="y">A99O0126</marc:subfield>
    </marc:datafield>
  </marc:record>
</marc:collection>
